000 01251nam0a2200241 i 4500
001 RU\NLR\bibl\1810663
005 20240726023006.0
035 _a(NLR Aleph) 001801281
090 _a1793383
_c1793383
100 _a20110919d2007 |||y0rusy50 ca
101 0 _arus
102 _aRU
105 _aa dm |||||
200 1 _aФормирование и ревлизация конкурентных преимуществ муниципального образования
_e(на примере Приозерского района Ленинградской области)
_eавтореферат диссертации на соискание ученой степени к. э. н.
_eспециальность 08.00.05 <Эконом. и упр. нар. хоз-вом>
_fЯхнюк Сергей Васильевич
_g[Сев.-Зап. НИИ эконом. и организ. с.-х. Рос. акад. наук]
210 _aСанкт-Петербург
_d2007
215 _a24 с.
_cил.
_d21
320 _aБиблиогр.: с. 24 (5 назв.)
686 _a08.00.05
_2oksvnk
700 1 _aЯхнюк
_bС. В.
_gСергей Васильевич
801 0 _aRU
_bNLR
_c20110919
_gRCR
801 1 _aRU
_bNLR
_c20110919
942 _cBOOK